Význam systému environmentálneho manažérstva vo vybranej spoločnosti bakalárska práca
Uložené v:
| Hlavný autor: | |
|---|---|
| Korporativný autor: | |
| Ďalší autori: | |
| Médium: | Kniha |
| Jazyk: | Slovak |
| Vydavateľské údaje: |
Bratislava
2011
|
| Tagy: |
Žiadne tagy, Buďte prvý, kto otaguje tento záznam!
|
MARC
| LEADER | 00000nam a2200000 4500 | ||
|---|---|---|---|
| 001 | 0151908 | ||
| 005 | 20240320072229.8 | ||
| 041 | 0 | |a slo | |
| 044 | |a SK | ||
| 245 | 1 | 0 | |a Význam systému environmentálneho manažérstva vo vybranej spoločnosti |b bakalárska práca |c Katarína Prekopová ; školiteľ: Natália Kováčová |
| 264 | 1 | |a Bratislava |c 2011 | |
| 300 | |a 57 s. | ||
| 100 | 1 | |a Prekopová, Katarína | |
| 700 | 1 | |a Kováčová, Natália | |
| 710 | 2 | |a Obchodná fakulta EU. Katedra tovaroznalectva a kvality tovaru | |